<?xml version="1.0" encoding="UTF-8"?>
<record
    xmlns:xsi="http://www.w3.org/2001/XMLSchema-instance"
    xsi:schemaLocation="http://www.loc.gov/MARC21/slim http://www.loc.gov/standards/marcxml/schema/MARC21slim.xsd"
    xmlns="http://www.loc.gov/MARC21/slim">

  <leader>01050nam a2200289 i 4500</leader>
  <controlfield tag="001">000016021</controlfield>
  <controlfield tag="003">DO-SdBNP</controlfield>
  <controlfield tag="005">20251204073702.0</controlfield>
  <controlfield tag="007">ta</controlfield>
  <controlfield tag="008">100223s1945    dr c    r     000 0 spa d</controlfield>
  <datafield tag="040" ind1=" " ind2=" ">
    <subfield code="a">DO-SdBNP</subfield>
    <subfield code="b">spa</subfield>
    <subfield code="c">BNPHU</subfield>
    <subfield code="e">rda</subfield>
  </datafield>
  <datafield tag="082" ind1=" " ind2=" ">
    <subfield code="a">343.1</subfield>
    <subfield code="b">G643d, 1945</subfield>
    <subfield code="2">22</subfield>
  </datafield>
  <datafield tag="100" ind1="1" ind2=" ">
    <subfield code="a">Gonz&#xE1;lez Rodr&#xED;guez, Manuel &#xC1;ngel</subfield>
    <subfield code="e">autor</subfield>
    <subfield code="9">35972</subfield>
  </datafield>
  <datafield tag="245" ind1="1" ind2="0">
    <subfield code="a">Dos procesos de nuestros anales criminales /</subfield>
    <subfield code="c">Manuel Angel Gonz&#xE1;lez Rodr&#xED;guez.</subfield>
  </datafield>
  <datafield tag="264" ind1=" " ind2=" ">
    <subfield code="a">Ciudad Trujillo, Rep&#xFA;blica Dominicana :</subfield>
    <subfield code="b">Montalvo,</subfield>
    <subfield code="c">1945.</subfield>
  </datafield>
  <datafield tag="300" ind1=" " ind2=" ">
    <subfield code="a">volumen :</subfield>
    <subfield code="b">retratos. ;</subfield>
    <subfield code="c">25 cm.</subfield>
  </datafield>
  <datafield tag="336" ind1=" " ind2=" ">
    <subfield code="a">rdacontent</subfield>
    <subfield code="b">texto</subfield>
    <subfield code="2">txt</subfield>
  </datafield>
  <datafield tag="337" ind1=" " ind2=" ">
    <subfield code="a">rdamedia</subfield>
    <subfield code="b">sin mediaci&#xF3;n</subfield>
    <subfield code="2">n</subfield>
  </datafield>
  <datafield tag="338" ind1=" " ind2=" ">
    <subfield code="a">rdacarrier</subfield>
    <subfield code="b">volumen</subfield>
    <subfield code="2">nc</subfield>
  </datafield>
  <datafield tag="500" ind1=" " ind2=" ">
    <subfield code="a">La bilbioteca posee el volumen 3</subfield>
  </datafield>
  <datafield tag="505" ind1="1" ind2=" ">
    <subfield code="a">v. 3 Apuntaciones jur&#xED;dicas sobre el mandamiento de prisi&#xF3;n provisional y el decreto de indulto,.</subfield>
  </datafield>
  <datafield tag="590" ind1=" " ind2=" ">
    <subfield code="a">Inventariado,2024/DG</subfield>
  </datafield>
  <datafield tag="650" ind1=" " ind2="4">
    <subfield code="a">Processos (derecho)</subfield>
    <subfield code="9">35973</subfield>
  </datafield>
  <datafield tag="650" ind1=" " ind2="0">
    <subfield code="a">Administraci&#xF3;n de  justicia </subfield>
    <subfield code="z">Rep&#xFA;blica Dominicana</subfield>
    <subfield code="9">10083</subfield>
  </datafield>
  <datafield tag="910" ind1=" " ind2=" ">
    <subfield code="a">DG</subfield>
  </datafield>
  <datafield tag="942" ind1=" " ind2=" ">
    <subfield code="2">ddc</subfield>
    <subfield code="c">LBS1</subfield>
  </datafield>
  <datafield tag="952" ind1=" " ind2=" ">
    <subfield code="0">0</subfield>
    <subfield code="1">0</subfield>
    <subfield code="2">ddc</subfield>
    <subfield code="5">6</subfield>
    <subfield code="7">0</subfield>
    <subfield code="8">RV</subfield>
    <subfield code="a">BNPHU</subfield>
    <subfield code="b">BNPHU</subfield>
    <subfield code="c">CT</subfield>
    <subfield code="d">2011-08-25</subfield>
    <subfield code="l">0</subfield>
    <subfield code="o">BNPHU DS-RV G643d</subfield>
    <subfield code="p">16021-50</subfield>
    <subfield code="r">2020-06-25</subfield>
    <subfield code="t">v. 3, e. 3</subfield>
    <subfield code="w">2020-06-25</subfield>
    <subfield code="y">LBS1</subfield>
    <subfield code="Z">Pr&#xE9;stamo en sala</subfield>
  </datafield>
  <datafield tag="952" ind1=" " ind2=" ">
    <subfield code="0">0</subfield>
    <subfield code="1">0</subfield>
    <subfield code="2">ddc</subfield>
    <subfield code="5">1</subfield>
    <subfield code="7">0</subfield>
    <subfield code="8">RV</subfield>
    <subfield code="a">BNPHU</subfield>
    <subfield code="b">BNPHU</subfield>
    <subfield code="c">HD</subfield>
    <subfield code="d">2010-02-23</subfield>
    <subfield code="l">0</subfield>
    <subfield code="o">BNPHU PD-RV G643d</subfield>
    <subfield code="p">16021-10</subfield>
    <subfield code="r">2020-06-25</subfield>
    <subfield code="t">v. 1</subfield>
    <subfield code="w">2020-06-25</subfield>
    <subfield code="y">LBS1</subfield>
    <subfield code="z">Perteneci&#xF3; a la biblioteca personal de Germ&#xE1;n Emilio Ornes.</subfield>
    <subfield code="Z">No se presta</subfield>
  </datafield>
  <datafield tag="952" ind1=" " ind2=" ">
    <subfield code="0">0</subfield>
    <subfield code="1">1</subfield>
    <subfield code="2">ddc</subfield>
    <subfield code="5">1</subfield>
    <subfield code="7">0</subfield>
    <subfield code="8">RV</subfield>
    <subfield code="a">BNPHU</subfield>
    <subfield code="b">BNPHU</subfield>
    <subfield code="c">CT</subfield>
    <subfield code="d">2011-08-09</subfield>
    <subfield code="l">0</subfield>
    <subfield code="o">343.1 G643d, 1945</subfield>
    <subfield code="p">16021-20</subfield>
    <subfield code="r">2020-06-25</subfield>
    <subfield code="t">v. 3, e. 3</subfield>
    <subfield code="w">2020-06-25</subfield>
    <subfield code="y">LBS1</subfield>
    <subfield code="z">Pertenecio a la biblioteca personal de Emilio Cordero Michel</subfield>
    <subfield code="Z">No se presta</subfield>
  </datafield>
  <datafield tag="952" ind1=" " ind2=" ">
    <subfield code="0">0</subfield>
    <subfield code="1">0</subfield>
    <subfield code="2">ddc</subfield>
    <subfield code="5">1</subfield>
    <subfield code="7">0</subfield>
    <subfield code="8">RV</subfield>
    <subfield code="a">BNPHU</subfield>
    <subfield code="b">BNPHU</subfield>
    <subfield code="c">CT</subfield>
    <subfield code="d">2011-08-10</subfield>
    <subfield code="l">0</subfield>
    <subfield code="o">BNPHU DS G643d</subfield>
    <subfield code="p">16021-30</subfield>
    <subfield code="r">2020-06-25</subfield>
    <subfield code="t">v. 3</subfield>
    <subfield code="w">2020-06-25</subfield>
    <subfield code="y">LBS1</subfield>
    <subfield code="Z">No se presta</subfield>
  </datafield>
  <datafield tag="952" ind1=" " ind2=" ">
    <subfield code="0">0</subfield>
    <subfield code="1">0</subfield>
    <subfield code="5">0</subfield>
    <subfield code="7">1</subfield>
    <subfield code="8">RV</subfield>
    <subfield code="a">PD</subfield>
    <subfield code="b">PD</subfield>
    <subfield code="c">CT</subfield>
    <subfield code="d">2011-08-25</subfield>
    <subfield code="i">LF1</subfield>
    <subfield code="l">0</subfield>
    <subfield code="o">v. 3, e. 2</subfield>
    <subfield code="p">16021-40</subfield>
    <subfield code="r">2020-06-25</subfield>
    <subfield code="w">2020-06-25</subfield>
    <subfield code="y">1</subfield>
    <subfield code="Z">No se presta</subfield>
  </datafield>
  <datafield tag="999" ind1=" " ind2=" ">
    <subfield code="c">15563</subfield>
    <subfield code="d">15563</subfield>
  </datafield>
</record>
